| Tag |
First Indicator |
Second Indicator |
Subfields |
| LEADER |
00000cam a2200000 i 4500 |
| 001 |
in00005713021 |
| 005 |
20260319162119.0 |
| 006 |
m o d |
| 007 |
cr |n||||||||| |
| 008 |
160429s2016 enk ob 001 0 eng d |
| 040 |
|
|
|a YDXCP
|b eng
|e rda
|e pn
|c YDXCP
|d YDX
|d OCLCO
|d VLB
|d OCLCQ
|d OCLCO
|d OH1
|d OCL
|d CEF
|d KSU
|d WYU
|d YDXIT
|d N$T
|d EBLCP
|d OCLCQ
|d OCLCO
|d OCLCQ
|d K6U
|d OCLCO
|d OCLCQ
|d SFB
|d OCLCQ
|d OCLCO
|d OCLCL
|d INARC
|d EMRUN
|d OCLCQ
|d CLOUD
|d OCLCQ
|d OCLCL
|d OCLCF
|d STBDS
|d IOG
|d OTZ
|d U3G
|d EZ9
|d MVS
|
| 019 |
|
|
|a 959805512
|a 988120477
|a 1125755769
|a 1136263547
|a 1198081458
|
| 020 |
|
|
|a 9780190627959
|q (electronic book)
|
| 020 |
|
|
|a 0190627956
|q (electronic book)
|
| 020 |
|
|
|a 9780190669836
|q (electronic bk.)
|
| 020 |
|
|
|a 0190669837
|q (electronic bk.)
|
| 020 |
|
|
|z 9780199390618
|
| 020 |
|
|
|z 0199390614
|
| 035 |
|
|
|a (OCoLC)948338762
|z (OCoLC)959805512
|z (OCoLC)988120477
|z (OCoLC)1125755769
|z (OCoLC)1136263547
|z (OCoLC)1198081458
|
| 043 |
|
|
|a n-us---
|
| 050 |
|
4 |
|a E184.A1
|b O1895 2016
|
| 072 |
|
7 |
|a SOC
|x 031000
|2 bisacsh
|
| 072 |
|
7 |
|a SOC
|x 020000
|2 bisacsh
|
| 082 |
0 |
4 |
|a 305.800973
|2 23
|
| 049 |
|
|
|a TXAM
|
| 245 |
0 |
0 |
|a Obama on our minds :
|b the impact of Obama on the psyche of America /
|c Lori A. Barker, [editor].
|
| 264 |
|
1 |
|a Oxford ;
|a New York :
|b Oxford University Press,
|c [2016]
|
| 300 |
|
|
|a 1 online resource
|
| 336 |
|
|
|a text
|b txt
|2 rdacontent
|
| 337 |
|
|
|a computer
|b c
|2 rdamedia
|
| 338 |
|
|
|a online resource
|b cr
|2 rdacarrier
|
| 504 |
|
|
|a Includes bibliographical references and index.
|
| 505 |
0 |
|
|a Section I: Obama and Key Concepts in Multicultural Psychology -- Chapter 1: Presidents, Prototypes, and Stereotypes, Oh My! Understanding the Psychological Impact of Obama / Lori A. Barker -- Chapter 2: The Struggle for Identity Congruence in an Obama White House / Thomas A. Parham -- Chapter 3: Academic Success of Black Americans: Stereotype Threat in the Era of Obama / Brian E. Armenta and Carey S. Ryan -- Chapter 4: Teaching for Change: Post-racial or a Different Kind of Racism? / Jeffrey Scott Mio -- Chapter 5: Changing the Course of Race Relations in America: From Prevention of Discrimination to Promotion of Racial Equality / John F. Dovidio -- Chapter 6: The Obama Effect on Racial Attitudes: A Review of the Research / Curtis A. Thompson and Lori A. Barker -- Section II: Obama's Impact on Diverse Populations -- Chapter 7: (Mixed) Race to the White House / Christine C. Iijima Hall -- Chapter 8: Race, Masculinity, and Gendered Racism: President Obama's Influence on Black Men / Christopher T.H. Liang, Carin Molenaar, and Shalena Heard -- Chapter 9: Barack Obama and the LGBT Community: A Rocky Path to Real Progress and Ongoing Hopes for the Future / Laurie A. Roades -- Chapter 10: New Hope for Immigrants in the Obama Era / Patricia Arredondo -- Chapter 11: Has Change Come to America? College Student Attitudes Toward Obama's Presidency / Andrea Aoun, Blake D. Daryaie, and Lori A. Barker -- Chapter 12: The Obama Marriage: A Model for Moving Forward the 'Stalled Revolution' /Donna L. Franklin.
|
| 520 |
|
|
|a On the evening of November 4, 2008, as news of Barack Obama's presidential victory spread, television footage depicted the emotional reactions of people across the country and the globe. As Obama gave his acceptance speech in Grant Park that night, the camera focused on those in the audience who were overjoyed, tears streaming down their faces. People cheered. Spontaneous and joyful celebrations broke out in the streets. Change had finally come. Analysts describe Barack Obama's success as "unheard of"--A meteoric rise--leaving many in the elite political circles astonished at what he had accomplished in his campaign. With his success, many questions arose: How was a junior senator from Chicago able to do this? Why does he evoke such strong reactions? What cultural shifts took place in American society for this to happen? Do we now live in a post-racial society, and what will this mean for the next generation? In Obama on Our Minds, Lori A. Barker leads a team of expert multicultural theorists and researchers studying racism, ethnic identity, sexual orientation, and immigration to answer these questions and analyze the enormous impact of this groundbreaking event in our nation's history. -- Provided by publisher
|
| 588 |
0 |
|
|a Online resource; title from digital title page (viewed on January 09, 2019).
|
| 600 |
1 |
0 |
|a Obama, Barack
|x Influence.
|
| 600 |
1 |
7 |
|a Obama, Barack
|2 fast
|1 https://id.oclc.org/worldcat/entity/E39PBJjCKvFkHQ3F9QhY6vw3cP
|
| 651 |
|
0 |
|a United States
|x Race relations.
|
| 651 |
|
0 |
|a United States
|x Ethnic relations.
|
| 651 |
|
0 |
|a United States
|x Civilization
|y 21st century.
|
| 651 |
|
0 |
|a United States
|x Social conditions
|y 21st century.
|
| 651 |
|
6 |
|a États-Unis
|x Relations raciales.
|
| 651 |
|
6 |
|a États-Unis
|x Relations interethniques.
|
| 651 |
|
6 |
|a États-Unis
|x Civilisation
|y 21e siècle.
|
| 651 |
|
6 |
|a États-Unis
|x Conditions sociales
|y 21e siècle.
|
| 650 |
|
7 |
|a SOCIAL SCIENCE
|x Discrimination & Race Relations.
|2 bisacsh
|
| 650 |
|
7 |
|a SOCIAL SCIENCE
|x Minority Studies.
|2 bisacsh
|
| 650 |
|
7 |
|a Race relations
|2 fast
|
| 650 |
|
7 |
|a Civilization
|2 fast
|
| 650 |
|
7 |
|a Ethnic relations
|2 fast
|
| 650 |
|
7 |
|a Influence (Literary, artistic, etc.)
|2 fast
|
| 650 |
|
7 |
|a Social conditions
|2 fast
|
| 651 |
|
7 |
|a United States
|2 fast
|1 https://id.oclc.org/worldcat/entity/E39PBJtxgQXMWqmjMjjwXRHgrq
|
| 648 |
|
7 |
|a 2000-2099
|2 fast
|
| 655 |
|
7 |
|a Electronic books.
|2 local
|
| 700 |
1 |
|
|a Barker, Lori A.
|
| 758 |
|
|
|i has work:
|a Obama on our minds (Text)
|1 https://id.oclc.org/worldcat/entity/E39PCGJvFK6KYqKRqqQmjPVKkC
|4 https://id.oclc.org/worldcat/ontology/hasWork
|
| 776 |
0 |
8 |
|i Print version:
|t Obama on our minds.
|d New York, NY : Oxford University Press, [2016]
|z 9780199390618
|w (DLC) 2015041104
|w (OCoLC)928750815
|
| 776 |
0 |
8 |
|i Print version :
|z 9780199390618
|
| 856 |
4 |
0 |
|u http://proxy.library.tamu.edu/login?url=https://academic.oup.com/book/25913
|z Connect to the full text of this electronic book
|t 0
|
| 955 |
|
|
|a Oxford Scholarship Online
|
| 994 |
|
|
|a 92
|b TXA
|
| 999 |
f |
f |
|i 92af2a4f-e3c4-41f5-a54d-7104eac37a38
|s 98a647de-fff2-47da-92c3-f80b5063fc95
|t 0
|
| 952 |
f |
f |
|a Texas A&M University
|b College Station
|c Electronic Resources
|s www_evans
|d Available Online
|t 0
|e E184.A1 O1895 2016
|h Library of Congress classification
|
| 998 |
f |
f |
|a E184.A1 O1895 2016
|t 0
|l Available Online
|